Vở bài tập Toán 5

Vở bài tập Toán 5 gồm những bài luyện tập, thực hành có cùng nội dung, mức độ như các bài tập trong sách giáo khoa Toán 5. Ngoài ra, Sách còn giới thiệu những bài tập mới nhằm đáp ứng nhu cầu phát triển năng lực học tập Toán của học...

תיאור מלא

שמור ב:
מידע ביבליוגרפי
פורמט: ספר
שפה:Undetermined
יצא לאור: Hà Nội Giáo dục 2010
נושאים:
תגים: הוספת תג
אין תגיות, היה/י הראשונ/ה לתייג את הרשומה!
Thư viện lưu trữ: Trung tâm Học liệu Trường Đại học Cần Thơ
LEADER 00967nam a2200205Ia 4500
001 CTU_157742
008 210402s9999 xx 000 0 und d
020 |c 5500 
082 |a 372.7076 
082 |b V460/T.1/L.5 
245 0 |a Vở bài tập Toán 5 
245 0 |c Đỗ Đình Hoan, ... [et.al] biên soạn 
260 |a Hà Nội 
260 |b Giáo dục 
260 |c 2010 
520 |a Vở bài tập Toán 5 gồm những bài luyện tập, thực hành có cùng nội dung, mức độ như các bài tập trong sách giáo khoa Toán 5. Ngoài ra, Sách còn giới thiệu những bài tập mới nhằm đáp ứng nhu cầu phát triển năng lực học tập Toán của học sinh. 
650 |a Mathematics 
650 |x Study and teaching (Elementary) 
904 |i Phan Thị Kim Lan (Bạch Trúc) 
980 |a Trung tâm Học liệu Trường Đại học Cần Thơ